000 00469 a2200133 4500
020 _a0471083933 (cloth : alk. paper)
082 _a624.068 HAL
100 _aHalpin, Daniel W.
245 _aConstruction management /
_cDaniel W. Halpin, Ronald W. Woodhead.
250 _a2nd ed.
260 _aNew York :
_bWiley,
_c1998.
300 _axv, 444 p. :
_bill. ;
_c26 cm.
650 _aConstruction industry
_zUnited States
_xManagement.
650 _aConstruction industry
_xLaw and legislation
_zUnited States.
999 _c1657
_d1657